[Event "BCF-ch PM U2050 op"]
[Site "Hull"]
[Date "2024.08.02"]
[Round "5"]
[White "Harrison, Oliver"]
[Black "Perkins, Chris"]
[Result "1-0"]
[WhiteElo "1783"]
[BlackElo "1755"]
[PlyCount "113"]
[EventDate "2024.07.29"]
[EventType "swiss"]
[EventRounds "6"]
[EventCountry "ENG"]
[SourceTitle "CBM 221 Extra"]
[Source "ChessBase"]
[SourceDate "2024.09.30"]
[SourceVersion "1"]
[SourceVersionDate "2024.09.30"]
[SourceQuality "1"]

1. e4 c5 2. Nf3 Nc6 3. c3 Nf6 4. e5 Nd5 5. d4 cxd4 6. cxd4 d6 7. Nc3 Nxc3 8. bxc3 dxe5 9. d5 e4 10. dxc6 Qxd1+ 11. Kxd1 exf3 12. Bb5 Kd8 13. Bf4 e5 14. Bxe5 fxg2 15. c7+ Ke7 16. Re1 Bg4+ 17. Kc2 Bf5+ 18. Kb2 f6 19. Bf4+ Kf7 20. Bc4+ Kg6 21. Bd5 Bc5 22. Rg1 Kh5 23. Rxg2 g5 24. Bg3 Rae8 25. Bf7+ Bg6 26. Bxe8 Rxe8 27. f4 Bd6 28. fxg5 Bxg3 29. Rxg3 Rc8 30. gxf6 Rxc7 31. Rd1 Rf7 32. Rd5+ Kh4 33. Rd4+ Kh5 34. Rf4 Rf8 35. c4 Rf7 36. Kc3 Rd7 37. Kb4 Rc7 38. a4 Rc8 39. c5 Rc7 40. Kc4 b6 41. Kd5 bxc5 42. Kd6 Rc8 43. f7 Bxf7 44. Rxf7 h6 45. Rxa7 c4 46. Rc7 Rd8+ 47. Kc5 Rd2 48. Rh3+ Kg5 49. Kxc4 Rc2+ 50. Rc3 Rxh2 51. a5 Ra2 52. Kb5 h5 53. a6 Rb2+ 54. Kc6 h4 55. a7 Ra2 56. Kb7 Rb2+ 57. Kc8 1-0

[Event "BCF-ch AM U1900 op"]
[Site "Hull"]
[Date "2024.07.30"]
[Round "2"]
[White "Whittington, Reece W"]
[Black "Perkins, Chris"]
[Result "1-0"]
[WhiteElo "1793"]
[BlackElo "1755"]
[PlyCount "79"]
[EventDate "2024.07.29"]
[EventType "swiss"]
[EventRounds "6"]
[EventCountry "ENG"]
[SourceTitle "CBM 221 Extra"]
[Source "ChessBase"]
[SourceDate "2024.09.30"]
[SourceVersion "1"]
[SourceVersionDate "2024.09.30"]
[SourceQuality "1"]

1. d4 Nf6 2. c4 c5 3. d5 b5 4. cxb5 a6 5. bxa6 g6 6. Nc3 Bg7 7. e4 d6 8. Nf3 0-0 9. Bc4 Bxa6 10. Bxa6 Rxa6 11. 0-0 Nbd7 12. Qe2 Qa8 13. Rd1 Nb6 14. h3 Na4 15. Qc2 Nxc3 16. bxc3 Qa7 17. a3 Nd7 18. Rb1 Nb6 19. Rb3 Nc4 20. Nd2 Nxa3 21. Qb2 Ra8 22. Rb7 Bxc3 23. Rxa7 Bxb2 24. Rxa8+ Rxa8 25. Bxb2 Nc2 26. Rc1 Nb4 27. Ra1 Rc8 28. Nc4 f5 29. f3 Kf7 30. Ra7 Kf8 31. Nb6 Re8 32. Ra8 e6 33. Bg7+ Kf7 34. Rxe8 Kxe8 35. dxe6 fxe4 36. fxe4 c4 37. Nd5 Nc6 38. Bf6 h6 39. Kf2 Nd8 40. Nc7+ 1-0

[Event "BCF-ch Penrose U2000 op"]
[Site "Hull"]
[Date "2024.07.27"]
[Round "2"]
[White "Perkins, Chris"]
[Black "Mulleady, Peter J"]
[Result "0-1"]
[WhiteElo "1755"]
[BlackElo "1915"]
[PlyCount "90"]
[EventDate "2024.07.26"]
[EventType "swiss"]
[EventRounds "5"]
[EventCountry "ENG"]
[SourceTitle "CBM 221 Extra"]
[Source "ChessBase"]
[SourceDate "2024.09.30"]
[SourceVersion "1"]
[SourceVersionDate "2024.09.30"]
[SourceQuality "1"]

1. e4 g6 2. Nc3 Bg7 3. Bc4 e6 4. d3 a6 5. a4 b6 6. Nge2 c5 7. 0-0 Nc6 8. f4 Nge7 9. Ng3 d5 10. Bb3 dxe4 11. dxe4 Qxd1 12. Nxd1 Nd4 13. Be3 Nxb3 14. cxb3 a5 15. Bd2 Ba6 16. Bc3 Bxc3 17. bxc3 Bxf1 18. Kxf1 0-0-0 19. Ke2 Rd7 20. Nb2 f6 21. Rd1 Rxd1 22. Nxd1 Kc7 23. Nb2 f5 24. Nc4 Rd8 25. Na3 Kb7 26. Nb5 Rd7 27. h4 Nc8 28. h5 Nd6 29. Nxd6+ Rxd6 30. e5 Rd7 31. hxg6 hxg6 32. Nh1 Rg7 33. Nf2 g5 34. Nd3 g4 35. c4 Rd7 36. Ke3 Rd4 37. g3 Rd8 38. Nf2 Kc7 39. Ke2 Kd7 40. Nd1 Ke7 41. Nc3 Rh8 42. Nb5 Rh2+ 43. Ke3 Rb2 44. Nc3 Rxb3 45. Kd3 Rb4 0-1